Obálka Náhled e-knihy:
Epub
Pro půjčování e-knih musíte být přihlášeni.
Jak si půjčit online?

Volodymyr Zelenskyj : Ukrajina v krvi /

Životní osudy a politická kariéra ukrajinského prezidenta Volodymyra Zelenského.

Uloženo v:
Série:Universum, část 0
Hlavní autor: Fenwick, Gallagher (Autor)
Další autoři: Raková, Zuzana, 1982- (Autor)
Médium: E-kniha
Jazyk:Czech
Vydáno: Praha : Euromedia Group, 2022
Vydání:První vydání
Edice:Universum (Euromedia Group)
Témata:
Příbuzné jednotky:Z cyklu:: Universum
Tagy:
Žádné tagy
LEADER 03046nam a2200769 i 4500
001 311792
003 CZ PrSKC
005 20260601215712.0
007 ta
008 220623s2022 xr e 000 0bcze
015 |a cnb003429561 
020 |a 9788024283432  |q (vázáno) 
035 |a (OCoLC)1344359264 
040 |a BOA001  |b cze  |d ABA001  |e rda 
041 1 |a cze  |h fre 
043 |a e-un--- 
045 |a x7y2 
072 7 |a 32  |x Politika  |2 Konspekt 
072 7 |a 929  |x Biografie  |2 Konspekt 
080 |a 32-051  |2 MRF 
080 |a 791/792.071.2  |2 MRF 
080 |a 316.46:32  |2 MRF 
080 |a 32:316.644  |2 MRF 
080 |a 94(477)"2022-"  |2 MRF 
080 |a 929  |2 MRF 
080 |a (477)  |2 MRF 
080 |a (0:82-96)  |2 MRF 
080 |a (092)  |2 MRF 
100 1 |a Fenwick, Gallagher  |7 xx0275193  |4 aut 
240 1 0 |a Volodymyr Zelensky.  |l Česky 
245 1 0 |a Volodymyr Zelenskyj :  |b Ukrajina v krvi /  |c Gallagher Fenwick ; z francouzského originálu Volodymyr Zelensky ... přeložila Zuzana Raková 
250 |a První vydání 
264 1 |a Praha :  |b Euromedia Group,  |c 2022 
300 |a 212 stran ;  |c 21 cm 
336 |a text  |b txt  |2 rdacontent 
337 |a bez média  |b n  |2 rdamedia 
338 |a svazek  |b nc  |2 rdacarrier 
490 1 |a Universum 
500 |a Obálkový podnázev: za národ a vlast 
504 |a Obsahuje bibliografické odkazy 
520 2 |a Životní osudy a politická kariéra ukrajinského prezidenta Volodymyra Zelenského. 
600 1 7 |a Zelens‘kyj, Volodymyr Oleksandrovyč,  |d 1978-  |7 xx0272679  |2 czenas 
648 7 |a 20.-21. století  |7 ch462155  |2 czenas 
648 7 |a 21. století  |7 ch460559  |2 czenas 
648 4 |a 1978-2022 
650 0 7 |a prezidenti  |7 ph124601  |z Ukrajina  |y 21. století  |2 czenas 
650 0 7 |a herci  |7 ph117199  |z Ukrajina  |y 20.-21. století  |2 czenas 
650 0 7 |a osobnost v politice  |7 ph161994  |z Ukrajina  |2 czenas 
650 0 7 |a politické názory a postoje  |7 ph137956  |2 czenas 
650 0 7 |a válka na Ukrajině (2022-)  |7 ph1150394  |2 czenas 
650 0 9 |a presidents  |z Ukraine  |y 21st century  |2 eczenas 
650 0 9 |a actors  |z Ukraine  |y 20th-21st centuries  |2 eczenas 
650 0 9 |a personality in politics  |z Ukraine  |2 eczenas 
650 0 9 |a political views and attitudes  |2 eczenas 
650 0 9 |a Russian invasion of Ukraine (2022-)  |2 eczenas 
655 7 |a literatura faktu  |7 fd132773  |2 czenas 
655 7 |a biografie  |7 fd131909  |2 czenas 
655 9 |a non-fiction  |2 eczenas 
655 9 |a biography  |2 eczenas 
700 1 |a Raková, Zuzana,  |d 1982-  |7 ola2011669069  |4 trl 
830 0 |a Universum (Euromedia Group) 
900 |a ABA001  |b 20 
044 |a xr 
787 0 8 |g 0  |i Z cyklu:  |t Universum 
910 |a RBIT002 
998 |d 365616  |a https://core.palmknihy.cz/api/books/365616/cover?rmtjn6  |b https://core.palmknihy.cz/api/books/365616/cover/400?rmtjn6  |c https://core.palmknihy.cz/api/books/365616/cover/50?rmtjn6  |e 2029-03-23  |g 216  |i 9788024283432  |j https://core.palmknihy.cz/api/books/365616/preview.epub  |l   |q 49  |r 1  |s https://www.palmknihy.cz/kniha/365616  |t ebook  |y 2022  |z 0  |v Universum  |w 0 
999 |d 311790